000
00191 a2200097 4500
001
39946
100
_a
245
_a
260
_a
New Delhi
_b
Anmol Publishers
_c
1989
090
_c
24936
_d
24936
942
_a
NUST-CAE
_c
_c
16598
999
_c
275019
_d
275019